00827nam a22002537a 45000010005000000030006000050050017000110080041000280200018000690400029000870500020001160820011001361000017001472450068001642600040002323000059002725050007003315200124003385210021004625210020004836000011005036500027005147000032005416764FISKH20250825135231.0250526b cb ||||| |||| 00| 0 eng d a9780531071663 aFISKHbengcFISKHdFISKH aPS3558.O316 H87 a811.54 aHo, Minfong  aHush! a thai lullaby /cby Minfong Ho ; Picture by Holly Meade  aNew York : bOrchard Book, c1996.  a32 unnumbered pages : bcolor illustrations ; c26 cm  aO  aA lullaby which asks animals such as a lizard, monkey, and water-buffalo to be quiet and not disturb the sleeping baby.8 a600 bLexile AD 8 aO bRaz-Plus  2babies aBabies vAsiaxBedtime aMeade, Holly eillustrator